000
00250nam a2200121Ia 4500
100
_a
#N/A
942
_c
BK
245
_a
Jain - Modelling & Simulation using MATLAB - Simulink
260
_b
#N/A
082
_b
22243
546
_a
ENGLISH
999
_c
18475
_d
18475